| 000 | 01020 a2200229 4500 | ||
|---|---|---|---|
| 999 |
_c1821 _d1821 |
||
| 020 | _a0874775728 : | ||
| 050 | 0 | 0 | _aLA2317.C62 |
| 100 | 1 | _aCollins, Marva. | |
| 245 | 1 | 0 |
_aMarva Collins' way / _cMarva Collins and Civia Tamarkin ; foreword by Alex Haley |
| 264 |
_aNew York: _bG.P.Putnam book, _c1982 |
||
| 300 | _a242 p. : | ||
| 500 | _aRevision of the book first published in 1982. | ||
| 504 | _aIncludes bibliographical references (p. [229]-239) and index. | ||
| 650 | 0 |
_aTeachers _xBiography. |
|
| 650 | 0 |
_aEducators _xBiography. |
|
| 700 | 1 | _aTamarkin, Civia. | |
| 856 | 4 | 2 |
_3Publisher description _uhttp://www.loc.gov/catdir/enhancements/fy1206/90043008-d.html |
| 856 | 4 | 1 |
_3Sample text _uhttp://www.loc.gov/catdir/enhancements/fy1408/90043008-s.html |
| 856 | 4 | 2 |
_3Contributor biographical information _uhttp://www.loc.gov/catdir/enhancements/fy1408/90043008-b.html |
| 942 |
_2lcc _cBK _h2317.C62A3 _iCOL _kLA |
||